000 02779nam a2200169 a 4500
001 000045779
005 20201002052435.0
008 150512s1996 dr a 000 0 spa d
040 _aDO-SdBNP
_bspa
_cBNPHU
082 _axxxx
_bxxxx
110 2 _aCongreso sobre la fundación de la Ciudad de Santo Domingo
_n(Ia:
_d1995 nov. 23-25
_cSanto Domingo)
_973864
245 1 0 _aSobre la historia de la fundación de la ciudad de Santo Domingo :
_by otros estudios de la época colonial: ponencias presentadas ante el primer congreso sobre la fundación de la ciudad de Santo Domingo, 23 al 25 de noviembre de 1995 /
_cpresentación Rafael Suberví Bonilla.
260 _aSanto Domingo :
_bAyuntamiento del Distrito Nacional,
_c1996.
300 _a396 p. :
_bil. ;
_c21 cm.
505 0 _aDeclaración final del pleno de participantes en el Congreso --
_tPalabras del Presidente de la Academia Dominicana de la Historia /
_rJulio Genero Campillo Pérez --
_tVerdad y ficción en torno a la fecha de la fundación de la ciudad de Santo Domingo /
_rFranklin Franco Pichardo --
_tLa ciudad de Santo Domingo no se fundó el 4 de agosto del 1496 /
_rRamón Bona Rivera --
_tOrigen, fundación y desarrollo de la ciudad de Santo Domingo /
_rTomás Báez Díaz -
_tLa fundación de la ciudad de Santo Domingo - viejas polémicas y nuevas decisiones /
_rTirso Mejía Ricart --
_tCuantificaciones sociodemográficas de la ciudad de Santo Domingo en el siglo XVI /
_rRoberto Cassá --
_tReflexiones sobre los nombres de la Isla y del País /
_rJuan Daniel Balcácer --
_tAlgunas reflexiones sobre el hecho fundacional de Santo Domingo /
_rJulio Gerardo Martínez Martínez --
_tLas primeras grandes construcciones en la ciudad primada de América /
_rCésar Iván Feris Iglesias -
_tEspontaneidad y medievalismo en las primeras construcciones de La Española (1492-1550) /
_rEsteban Mira Caballos --
_tEl papel de la población indígena en la fundación de Santo Domingo Oriental /
_rJosé G. Guerrero --
_tLas primeras instituciones jurídico - políticas /
_rMaría Elena Muñoz --
_tJusticia y hombres de leyes en Santo Domingo del siglo XV /
_rAmérico Moreta Castillo --
_tAlgo más sobre la fundación de la ciudad de Santo Domingo /
_rLuis E. Martínez Pina -
_tLos modelos familiares en Santo Domingo siglo XVI /
_rFátima Portorreal --
_tFraudes y conflictos en las primeras elecciones celebradas en la Isla Española 1512-1518 /
_rAmadeo Julián --
_tEl año de fundación de la ciudad de Santo Domingo en la historiografía contemporánea dominicana /
_rJosé Chez Checo --
_tAportes de negras y negros en la fundación y desarrollo de la ciudad de Santo Domingo de Guzmán /
_rBlas R. Jiménez --
_tCatálogo de los hábitos religiosos en Santo Domingo /
_rFradique Lizardo.
700 1 _aSuberví Bonilla, Rafael,
_epresent.
_916831
999 _c45268
_d45268